Schriftenreihe des Instituts für Europäische Regionalforschungen

Bibliographische Detailangaben
Späterer Titel:Historische Dimensionen Europäischer Integration
Weitere Verfasser: Institut für Europäische Regionalforschungen
Format: E-Journal
Sprache:German
Veröffentlicht: Baden-Baden : Nomos, [2007-2018]
Mit dem übergeordneten Werk verknüpfte Titel:Nomos eLibrary
Zugriff auf das übergeordnete Werk:Schriftenreihe des Instituts für Europäische Regionalforschungen
Umfang:Online-Ressource
LEADER 01000cas a2200265 c 4500
001 873452364
003 DE-627
005 20260224211910.0
007 cr |||||||||||
008 161130d20072018gw z| m|o 0 |0ger c
016 7 |a 1120509106  |2 DE-101 
016 7 |a 2876281-2  |2 DE-600 
035 |a (DE-627)873452364 
035 |a (DE-576)417255063 
035 |a (DE-599)ZDB2876281-2 
035 |a (OCoLC)1043846573 
040 |a DE-627  |b ger  |c DE-627  |e rda 
041 |a ger 
044 |c XA-DE 
082 0 4 |a 320  |q DE-600 
245 0 0 |a Schriftenreihe des Instituts für Europäische Regionalforschungen 
246 1 |i Abweichender Titel  |a Institut für Europäische Regionalforschungen 
246 1 |i Abweichender Titel  |a Institute for European Regional Research 
264 3 1 |a Baden-Baden  |b Nomos  |c [2007-2018] 
300 |a Online-Ressource 
336 |a Text  |b txt  |2 rdacontent 
337 |a Computermedien  |b c  |2 rdamedia 
338 |a Online-Ressource  |b cr  |2 rdacarrier 
362 0 |a Band 10-Band 29 
363 0 0 |a 10  |i 2007 
363 1 0 |i 2018  |a 29 
490 0 |a Nomos eLibrary 
515 |a Ersch. unregelmäßig 
591 |a 14!(27-09-19) 
655 7 |a Monografische Reihe  |0 (DE-588)4179998-7  |0 (DE-627)104628669  |0 (DE-576)209995106  |2 gnd-content 
710 2 |a Institut für Europäische Regionalforschungen  |e Herausgebendes Organ  |0 (DE-588)2145585-5  |0 (DE-627)184154111  |0 (DE-576)195217624  |4 isb 
776 0 8 |i Erscheint auch als  |n Druck-Ausgabe  |a Institut für Europäische Regionalforschungen  |t Schriftenreihe des Instituts für Europäische Regionalforschungen  |d Baden-Baden : Nomos, 1996  |w (DE-627)31179839X  |w (DE-600)2002303-0  |w (DE-576)055411754 
785 0 0 |i Fortgesetzt durch  |t Historische Dimensionen Europäischer Integration  |d Baden-Baden : Nomos, 2019  |h Online-Ressource  |w (DE-627)1676944648  |w (DE-600)2984106-9 
856 4 0 |u https://www.inlibra.com/de/series/B001018800  |x Verlag  |7 1 
856 4 0 |u https://www.inlibra.com/de/series/B001018800  |x Verlag  |7 1 
912 |a GBV_ILN_24 
912 |a ISIL_DE-8 
912 |a SYSFLAG_1 
912 |a GBV_KXP 
912 |a GBV_ILN_62 
912 |a ISIL_DE-28 
912 |a GBV_ILN_63 
912 |a ISIL_DE-Wim2 
912 |a GBV_ILN_350 
912 |a ISIL_DE-2795 
912 |a GBV_ILN_350_ 
912 |a GBV_ILN_635 
912 |a ISIL_DE-B2138 
912 |a GBV_ILN_2005 
912 |a ISIL_DE-291 
912 |a GBV_ILN_2006 
912 |a ISIL_DE-14 
912 |a GBV_ILN_2007 
912 |a ISIL_DE-352 
912 |a GBV_ILN_2009 
912 |a ISIL_DE-180 
912 |a GBV_ILN_2010 
912 |a ISIL_DE-15 
912 |a GBV_ILN_2014 
912 |a ISIL_DE-90 
912 |a GBV_ILN_2020 
912 |a ISIL_DE-Ch1 
912 |a GBV_ILN_2023 
912 |a ISIL_DE-Ka26 
912 |a GBV_ILN_2025 
912 |a ISIL_DE-Frei129 
912 |a GBV_ILN_2048 
912 |a ISIL_DE-Zwi2 
912 |a GBV_ILN_2050 
912 |a ISIL_DE-Zi4 
912 |a GBV_ILN_2057 
912 |a ISIL_DE-L189 
912 |a GBV_ILN_2535 
912 |a ISIL_DE-2620 
912 |a GBV_ILN_2579 
912 |a ISIL_DE-Mz5 
935 |a SAXB 
936 s n |a m100  |2 mzub 
951 |a ST 
980 |2 24  |1 01  |x 0008  |b 1760732745  |y z  |z 22-03-18 
980 |2 62  |1 01  |x 0028  |b 4730146697  |y x  |z 03-06-25 
980 |2 63  |1 01  |x 3401  |b 472353864X  |y x  |z 12-05-25 
980 |2 350  |1 01  |x 8293  |b 4923017325  |y x  |z 26-02-26 
980 |2 635  |1 01  |x 3635  |b 4524329366  |y x  |z 16-05-24 
980 |2 2005  |1 01  |x DE-291  |b 3056122783  |c 00  |f --%%--  |d --%%--  |e --%%--  |j --%%--  |y l01  |z 18-02-19 
980 |2 2006  |1 01  |x DE-14  |b 2949705618  |c 00  |f --%%--  |d --%%--  |e --%%--  |j --%%--  |y l01  |z 03-01-17 
980 |2 2007  |1 01  |x DE-352  |b 4330141515  |c 00  |f --%%--  |d --%%--  |e --%%--  |j --%%--  |y l01  |z 07-06-23 
980 |2 2009  |1 01  |x DE-180  |b 4272714996  |c 00  |f --%%--  |d --%%--  |e --%%--  |j k  |y l01  |z 16-02-23 
980 |2 2010  |1 01  |x DE-15  |b 4250025020  |c 00  |f --%%--  |d --%%--  |e --%%--  |j --%%--  |g Bestand: . - Nachweis als Serie  |y z01  |z 19-01-23 
980 |2 2014  |1 01  |x DE-90  |b 3056214130  |c 00  |f --%%--  |d --%%--  |e --%%--  |j --%%--  |y l01  |z 19-02-19 
980 |2 2020  |1 01  |x DE-Ch1  |b 2948318521  |c 00  |f --%%--  |d --%%--  |e n  |j --%%--  |k Campuslizenz  |y l01  |z 14-12-16 
980 |2 2023  |1 01  |x DE-Ka26  |b 3036707921  |c 00  |f --%%--  |d Online-Ressource  |e --%%--  |j --%%--  |g Bestand: . - Online-Ressource  |y z01  |z 05-12-18 
980 |2 2025  |1 01  |x DE-Frei129  |b 2836963522  |c 00  |f --%%--  |d --%%--  |e --%%--  |j --%%--  |y l01  |z 01-04-15 
980 |2 2048  |1 01  |x DE-Zwi2  |b 4514924857  |c 00  |f --%%--  |d --%%--  |e --%%--  |j --%%--  |y l01  |z 23-04-24 
980 |2 2050  |1 01  |x DE-Zi4  |b 4053507561  |c 00  |f --%%--  |d --%%--  |e --%%--  |j --%%--  |y l01  |z 08-02-22 
980 |2 2057  |1 01  |x DE-L189  |b 3972358423  |c 00  |f --%%--  |d --%%--  |e --%%--  |j --%%--  |y l01  |z 01-09-21 
980 |2 2535  |1 01  |x DE-2620  |b 4547037876  |c 00  |f --%%--  |d --%%--  |e --%%--  |j --%%--  |y l01  |z 04-07-24 
980 |2 2579  |1 01  |x DE-Mz5  |b 4775916424  |c 00  |f --%%--  |d --%%--  |e --%%--  |j --%%--  |y l01  |z 25-09-25 
981 |2 24  |1 01  |x 0008  |r https://www.nomos-elibrary.de/buchreihe/B001018800/institut-fuer-europaeische-regionalforschungen-institute-for-european-regional-research 
981 |2 2009  |1 01  |x DE-180  |r http://primo-49man.hosted.exlibrisgroup.com/openurl/MAN/MAN_UB_service_page?u.ignore_date_coverage=true&rft.mms_id=9918723651902561 
981 |2 2020  |1 01  |x DE-Ch1  |r http://www.nomos-elibrary.de/buchreihe/B001018800/institut-fuer-europaeische-regionalforschungen-institute-for-european-regional-research